000 00794nam a22002057a 4500
005 20200104041627.0
008 140710b2004 xxu||||| |||| 00| 0 eng d
020 _a9280723901
040 _aCO-BoIAVH
_cCO-BoIAVH
041 _aeng
082 0 4 _a338.9
_bU56e
245 0 0 _aEconomic instruments in biodiversity-related multilateral environmental agreements
260 _a[s.l.]
_bUNEP :
_c2004.
300 _a114 páginas
_c28 cm.
505 _aEconomic instruments and biodiversity (pag. 23) -- References to economic instruments in selected MEAs (pag. 31) -- Use of economic instruments to implement selected biodiversity-relates MEAs (pag 45)
650 2 6 _aDesarrollo sostenible
650 2 6 _aDesarrollo económico
650 2 6 _aMedio ambiente
942 _2ddc
_cINFORME
999 _c8542
_d8542